| 000 | 00361nam a2200145Ia 4500 | ||
|---|---|---|---|
| 008 | 230917s9999||||xx |||||||||||||| ||und|| | ||
| 040 |
_e88228 _aMAIN |
||
| 041 | _aEnglish | ||
| 082 | _a327.54073 O1I | ||
| 100 | _aObajunwa, Emeka | ||
| 245 | 0 | _aIndia-US security relations (1947-1998) | |
| 260 |
_aNew Delhi _bChanaky _c1992 |
||
| 300 | _a181 p. | ||
| 942 | _cBK | ||
| 999 |
_c81769 _d81769 |
||